000 00757nam a2200229 i 4500
001 63184
003 ES-MaACL
005 20250604062534.0
007 t|
008 031202s1966 sp ||||1| spa d
100 1 _aFerrandis Torres, Manuel.
_950268
245 1 0 _aHistoria contemporánea de España y Portugal /
_cManuel Ferrandis, Caetano Beirao.
260 _aBarcelona :
_bLabor,
_c1966.
300 _aXI, 878 p., 16 lám. :
_bil. ;
_c25 cm.
651 7 _aEspaña-
_xHistoria-
_yS.XIX
_2
_9142005
651 4 _aEspaña-
_xHistoria-
_yS.XX.
_9138832
651 4 _aPortugal-
_xHistoria-
_y1789-1900.
_9153680
651 4 _aPortugal-
_xHistoria-
_yS.XX.
_99264
700 1 _aBeirao, Caetano.
_927076
852 _aES-MaACL
_jC-31511
999 _c63184
_d63184